| 000 | 01394nam a22002417a 4500 | ||
|---|---|---|---|
| 003 | AR-RoUNCS | ||
| 005 | 20260511161412.0 | ||
| 007 | ta | ||
| 008 | 260511s1980 sp |||||r|||| 00| 1 spa d | ||
| 020 | _a8402040388 | ||
| 040 |
_aAR-RoUNCS _bspa _cAR-RoUNCS |
||
| 041 | 1 |
_aspa _hita |
|
| 100 | 1 |
_aCalvino, Italo, _d1923-1985 _eautor |
|
| 245 | 1 | 3 |
_aEl barón rampante / _cItalo Calvino. |
| 250 | _a1a ed. | ||
| 260 |
_aBarcelona : _bBruguera, _c1980. |
||
| 300 |
_a251 p. ; _c18 cm. |
||
| 490 | 0 |
_aColección de Literatura Universal Bruguera ; _v14 |
|
| 520 | _aCuando tenia 12 años, Cosimo Piovasco, barón de Rondo, en un gesto de rebelión contra la tiranía familiar, se encaramo a una encina del jardín de la casa paterna. Ese mismo día, el 15 de junio de 1767, encontró a la hija de los marqueses de Ondarivia y le anuncio su propósito de no bajar nunca de los arboles. Desde entonces y hasta el final de su vida, Cosimo permanece fiel a una disciplina que el mismo se ha impuesto. La acción fantástica transcurre en las postrimetrías del siglo XVII y en los albores del XIX. Cosimo participa tanto en la revolución francesa como en las invasiones napoleónicas, pero sin abandonar nunca esa distancia necesaria que le permite estar dentro y fuera de las cosas al mismo tiempo. | ||
| 650 | 7 |
_2embne _aLiteratura italiana |
|
| 655 | 7 |
_2embne _aNovelas |
|
| 942 |
_2udc _cOG _n0 |
||
| 999 |
_c1012 _d1012 |
||